Morphologie II : metodická příručka s výkladem a doprovodným materiálem : kombinované studium - katedra germanistiky PF UJEP /

Main Author: Kyralová, Libuše, 1949-
Corporate Author: Univerzita J.E. Purkyně v Ústí nad Labem. Katedra germanistiky
Language: German
Czech
Published: Ústí nad Labem : Univerzita Jana Evangelisty Purkyně, Pedagogická fakulta, 2006
Physical Description: 65 s. : il. ; 21 cm
Language note: Německý text, český úvod
Book
Saved in:
LEADER 01798nam a2200445 a 4500
001 000843716
003 CZ BrMZK
005 20070321122959.0
007 ta
008 070302s2006 xr a e f 000 0 ger
015 |a cnb001694016 
020 |a 80-7044-794-X  |q (brož.) 
035 |a (OCoLC)124086875 
040 |a BOA001  |b cze 
041 0 |a ger  |a cze 
072 7 |a 811.112.2  |x Němčina  |2 Konspekt  |9 11 
080 |a 811.112.2  |2 MRF 
080 |a 81'366  |2 MRF 
080 |a (072)  |2 MRF 
100 1 |a Kyralová, Libuše,  |d 1949-  |7 mzk2006348750  |4 aut 
245 1 0 |a Morphologie II :  |b metodická příručka s výkladem a doprovodným materiálem : kombinované studium - katedra germanistiky PF UJEP /  |c Libuše Kyralová 
260 |a Ústí nad Labem :  |b Univerzita Jana Evangelisty Purkyně, Pedagogická fakulta,  |c 2006 
300 |a 65 s. :  |b il. ;  |c 21 cm 
500 |a Název z obálky 
500 |a Označeno jako část II - ke studiu dvosemestrálního předmětu Morphologie 
500 |a Navazuje na: Morphologie I 
500 |a "K učebnici: Gerhard Helbig, Joachim Buscha: Deutsche Grammatik (Ein Handbuch für den Ausländerunterricht)"--S. 4 
504 |a Obsahuje bibliografii 
546 |a Německý text, český úvod 
650 0 7 |a němčina  |7 ph115512  |2 czenas 
650 0 7 |a morfologie (lingvistika)  |7 ph139266  |2 czenas 
655 7 |a metodické příručky  |7 fd132826  |2 czenas 
710 2 |a Univerzita J.E. Purkyně v Ústí nad Labem.  |b Katedra germanistiky  |7 xx0022760 
787 1 8 |t Deutsche Grammatik 
787 1 8 |t Morphologie I 
910 2 |a BOA001  |b 2-1183.061 
928 9 |a Univerzita J.E. Purkyně, Pedagogická fakulta 
990 |a BK 
991 |b 200703  |c NOV 
996 6 |b 2610304536  |c 2-1183.061  |l MZK  |r Sklad / do 1 hodiny  |n 0  |p p.v.  |w 000843716  |u 000010  |a 1  |e BOA001  |j MZK50  |s P